000 00255nam a2200109Ia 4500
008 240625s9999 xx 000 0 und d
041 _aeng
082 _a658.4012 CLE
100 _aCLEGG STEWART R
245 _aSTRATEGY THEORY AND PRACTICE
260 _c2012
999 _c38277
_d38277